Tradiciones de la Isla de Pascua en idioma rapanui y castellano
Gespeichert in:
| 1. Verfasser: | |
|---|---|
| Format: | Buch |
| Sprache: | Rapanui Spanisch |
| Veröffentlicht: |
Santiago
Imprenta San Francisco
1939
|
| Ausgabe: | 1a. ed |
| Schriftenreihe: | Publicaciones de la Comisión de estudios sobre la Isla de Pascua, Universidad de Chile
|
| Schlagworte: | |
| Tags: |
Tag hinzufügen
Keine Tags, Fügen Sie den ersten Tag hinzu!
|
MARC
| LEADER | 00000nam a2200000 a 4500 | ||
|---|---|---|---|
| 001 | UCJ3428 | ||
| 003 | CL-VaPUC | ||
| 008 | 070124e19390000CL |||||||||||||||||rap|d | ||
| 041 | 0 | 7 | |a rap |2 CL-VaPUC |
| 041 | 0 | 7 | |a spa |2 CL-VaPUC |
| 082 | 0 | 4 | |a 918.3 |b ENG |2 21 |
| 100 | 0 | |a Englert, Sebastián |e author |9 468075 | |
| 245 | 1 | 0 | |a Tradiciones de la Isla de Pascua en idioma rapanui y castellano |
| 250 | |a 1a. ed | ||
| 300 | |a 85 p | ||
| 942 | |c BK | ||
| 945 | |d 20070124 00:00:00 |a rinostro | ||
| 260 | |a Santiago |b Imprenta San Francisco |c 1939 | ||
| 500 | |a Ilustraciones | ||
| 650 | 7 | |a TRADICIONES |2 CL-VaPUC |9 367367 | |
| 650 | 0 | |a Mitología |9 255719 | |
| 650 | 0 | |a Antropología |9 233030 | |
| 650 | 0 | |a Cultura |9 269059 | |
| 650 | 7 | |a FOLCKLORE |2 CL-VaPUC |9 370098 | |
| 650 | 7 | |a LENGUA RAPA NUI |2 CL-VaPUC |9 260561 | |
| 650 | 7 | |a LEYENDAS |2 CL-VaPUC |9 265258 | |
| 650 | 7 | |a ISLAS CHILENAS |2 CL-VaPUC |9 505273 | |
| 651 | 0 | |a Isla de Pascua |9 261357 | |
| 583 | |a last modification |c 20070124 00:00:00 |k Rodrigo Vera | ||
| 490 | 0 | |a Publicaciones de la Comisión de estudios sobre la Isla de Pascua, Universidad de Chile | |
| 999 | |c 319550 |d 319548 | ||
| 952 | |0 0 |1 0 |4 0 |6 918_300000000000000_ENG_1939 |7 0 |8 X |9 397896 |a FDOBUD |b FDOBUD |d 2019-11-22 |i 1003747 |o 918.3 ENG 1939 |p 1003747 |r 2019-11-22 |w 2019-11-22 |y BK_X |k BUD | ||